Library Banner

Digest on Sindh Balochistan law reports (Record no. 62386)

MARC details
000 -LEADER
fixed length control field 00562nam a2200217Ia 4500
001 - CONTROL NUMBER
control field 61943
003 - CONTROL NUMBER IDENTIFIER
control field OSt
005 - DATE AND TIME OF LATEST TRANSACTION
control field 20220121120642.0
008 - FIXED-LENGTH DATA ELEMENTS--GENERAL INFORMATION
fixed length control field 141120s9999 xx 000 0 und d
020 ## - INTERNATIONAL STANDARD BOOK NUMBER
International Standard Book Number NA
040 ## - CATALOGING SOURCE
Transcribing agency PK-LaUMT
082 ## - DEWEY DECIMAL CLASSIFICATION NUMBER
Classification number 348.5491026
Item number FAH-D
100 ## - MAIN ENTRY--PERSONAL NAME
Personal name Fahim Ahmed Siddqiqui
245 ## - TITLE STATEMENT
Title Digest on Sindh Balochistan law reports
Statement of responsibility, etc Fahim Ahmed Siddqiqui|Saeea Siddiqui
260 ## - PUBLICATION, DISTRIBUTION, ETC. (IMPRINT)
Place of publication, distribution, etc Karachi,Pakistan:
Name of publisher, distributor, etc Asia Law House,
Date of publication, distribution, etc 2012
300 ## - PHYSICAL DESCRIPTION
Extent 2209 p.
501 ## - WITH NOTE
With note 3 vols
546 ## - LANGUAGE NOTE
Language note EN
700 ## - ADDED ENTRY--PERSONAL NAME
Personal name Saeea Siddiqui
942 ## - ADDED ENTRY ELEMENTS (KOHA)
Koha item type Law and Policy Journals
Source of classification or shelving scheme Dewey Decimal Classification
Holdings
Withdrawn status Lost status Source of classification or shelving scheme Damaged status Not for loan Home library Current library Date acquired Total Checkouts Full call number Barcode Date last seen Price effective from Koha item type
    Dewey Decimal Classification     UMT Main Campus UMT Main Campus 2014-11-18   348.5491026 FAH-D 83267 2014-11-20 2014-11-20 Books
    Dewey Decimal Classification     UMT Main Campus UMT Main Campus 2014-11-24   348.5491026 FAH-D 83268 2014-11-24 2014-11-24 Books
    Dewey Decimal Classification     UMT Main Campus UMT Main Campus 2014-11-24   348.5491026 FAH-D 83269 2014-11-24 2014-11-24 Books